| 000 | 01255naa a22003257a 4500 | ||
|---|---|---|---|
| 001 | BR9404122 | ||
| 003 | BR-BrBNA | ||
| 005 | 20250721155501.0 | ||
| 007 | ta | ||
| 008 | 250630b bl.|||m| |||| 00| 0 por d | ||
| 040 |
_aBR-BrBNA _bpor _cBiblioteca Nacional de Agricultura |
||
| 041 | _a(Pt) | ||
| 072 | _aF07; P33 | ||
| 090 | _aF07 BR9404122 | ||
| 100 | 1 | _aCorrea, J.C. | |
| 111 | 1 |
_a1. Simposio do Tropico Umido _cBelem, PA (Brazil) _d12-17 Nov 1984 |
|
| 245 | 1 | _aCaracteristicas fisicas de um latossolo amarelo muito argiloso do Estado do Amazonas sob diferentes metodos de preparo do solo | |
| 500 | _aAnais do 1. Simposio do Tropico Umido v. 1 Clima e Solo Belem, PA (Brasil): 1984. p. 437-445 [Summaries (En, Pt); 17 ref.] (BR9404122-AMS) | ||
| 773 | 0 |
_tAnais do 1. Simposio do Tropico Umido v. 1 Clima e Solo _wF07 BR9404122 _gBelem, PA (Brasil), 1984. p. 437-445 |
|
| 650 | _aSolo Argiloso | ||
| 650 | _aLatossolo Amarelo | ||
| 650 | _aCultivo do Solo | ||
| 650 | _aPorosidade | ||
| 650 | _aInfiltracao | ||
| 650 | _aCondutividade Hidraulica | ||
| 650 | _aAmazonas | ||
| 490 |
_aDocumentos - Centro de Pesquisa Agropecuaria do Tropico Umido (Brazil) _vno. 36 |
||
| 942 |
_cAMS _2AGRIS |
||
| 909 |
_a202506 _bLúcia _c55 _dLúcia Elande |
||
| 999 |
_c336753 _d336753 |
||